| 000 | 00612nam a22001817a 4500 | ||
|---|---|---|---|
| 003 | JO-AjAnu | ||
| 005 | 20250930092051.0 | ||
| 008 | 250923b jo ||||| |||| 00| 0 ara d | ||
| 020 | _a978-9957-91-590-2 | ||
| 040 |
_aANU _cJO-AjAnu |
||
| 041 | _hARA | ||
| 100 |
_aالزبون، هاني مفلح _eمؤلف _966658 |
||
| 245 |
_aالقانون الدولي الإنساني وحقوق اللاجئين : "دراسة حالة" / _cهاني مفلح الزبون |
||
| 250 | _aط1 | ||
| 260 |
_aعمان : _bدار وائل للنشر والتوزيع؛ _c2019 |
||
| 300 | _a163 صفحه | ||
| 942 |
_2lcc _cBK _n0 |
||
| 999 |
_c33985 _d33985 |
||